|
|
|
|
| LEADER |
00000nas a2200000 a 4500 |
| 001 |
ssj0012187 |
| 003 |
WaSeSS |
| 005 |
20200512172242.0 |
| 006 |
m d |
| 007 |
cr n |
| 008 |
030122c19609999nyutr pss 0 a0eng c |
| 010 |
|
|
|a 2010233187
|
| 015 |
|
|
|a GBB407801
|2 bnb
|
| 016 |
7 |
|
|a 2057848-9
|2 DE-600
|
| 016 |
7 |
|
|a 012088071
|2 Uk
|
| 022 |
|
|
|a 1475-4533
|l 0040-5574
|y 0040-5574
|
| 035 |
|
|
|a (WaSeSS)ssj0012187
|
| 040 |
|
|
|a F#A
|b eng
|e pn
|c F#A
|d OCLCQ
|d EXW
|d OCLCQ
|d UV0
|d NSD
|d SYB
|d NTE
|d OCLCQ
|d GUA
|d OCLCQ
|d BUF
|d OCLCF
|d DEBBG
|d OCLCO
|d OCLCQ
|d NLE
|d DLC
|d UKMGB
|d VT2
|d WaSeSS
|
| 042 |
|
|
|a pcc
|
| 050 |
1 |
4 |
|a PN2000
|
| 082 |
0 |
|
|a 792/.05
|
| 222 |
|
0 |
|a Theatre survey
|b (Online)
|
| 245 |
0 |
0 |
|a Theatre survey
|h [electronic resource].
|
| 260 |
|
|
|a [New York, NY] :
|b Cambridge University Press,
|c 1960-
|
| 310 |
|
|
|a Three issues a year,
|b 2013-
|
| 321 |
|
|
|a Semiannual,
|b -2012
|
| 362 |
1 |
|
|a Print began in 1960.
|
| 506 |
|
|
|a License restrictions may limit access.
|
| 538 |
|
|
|a Mode of access: World Wide Web.
|
| 550 |
|
|
|a Chartered by the American Society for Theatre Research.
|
| 588 |
|
|
|a Description based on: Vol. 42, no. 1 (May 2001); title from contents screen (Cambridge University Press, viewed Mar. 25, 2010).
|
| 588 |
|
|
|a Latest issue consulted: Vol. 50, issue 2 (Nov. 2009), viewed Mar. 25, 2010.
|
| 650 |
|
0 |
|a Theater
|v Periodicals.
|
| 650 |
|
7 |
|a Theater.
|2 fast
|0 (OCoLC)fst01149217
|
| 655 |
|
0 |
|a Electronic journals.
|
| 710 |
2 |
|
|a American Society for Theatre Research.
|
| 776 |
0 |
8 |
|i Print version:
|t Theatre survey
|x 0040-5574
|w (DLC) 61065338
|w (OCoLC)1767408
|
| 856 |
4 |
0 |
|z Full text available from Research Library: 05/01/2001 to 1 year ago
|u https://search.proquest.com/publication/37200
|